|
|
|
|
| LEADER |
00000nab a2200000 a 4500 |
| 001 |
vtls000294839 |
| 003 |
SK-MaSNL |
| 005 |
20260304064706.0 |
| 008 |
250422c1987 xo 0 slo |
| 015 |
|
|
|a SNBRB19rr/mm-uuuuu
|
| 035 |
|
|
|a CL0304958
|
| 035 |
|
|
|a urn:nbn:sk:snk-ab2jy7
|
| 035 |
|
|
|a (urnnbn)urn:nbn:sk:snk:ar-a02iyg
|
| 035 |
|
|
|a (uuid)44901e3b-bedc-4648-a03c-927979b6612a
|
| 040 |
|
|
|a SNKBUCL
|b slo
|c SNKBUCL
|e AACR2
|
| 041 |
0 |
|
|a slo
|
| 044 |
|
|
|a xo
|c SK
|
| 080 |
|
|
|a 301.152:141.82
|2 1981
|
| 080 |
|
|
|a 141.82
|2 1981
|
| 080 |
|
|
|a 322
|2 1981
|
| 080 |
|
|
|a 329.15(437)
|2 1981
|
| 100 |
1 |
|
|a Pezlár, Ľudovít,
|d 1929-1994
|4 aut
|9 125554
|
| 245 |
1 |
0 |
|a Aktuálne otázky ideologickej práce strany na Slovensku
|c Ľudovít Pezlár
|
| 300 |
|
|
|b Lit. 6 zázn. v slov.
|
| 610 |
|
7 |
|a Komunistická strana Československa
|2 snkbucl
|9 32256
|
| 650 |
0 |
7 |
|a práca ideologická
|2 snkbucl
|9 921686
|
| 655 |
|
7 |
|a články z novín a časopisov
|2 snkbucl
|9 267496
|
| 773 |
0 |
|
|t Ateizmus
|g Roč. 15, č. 1 (1987), s. 3-15
|
| 850 |
|
|
|a Slovenská národná knižnica
|
| 852 |
|
|
|a Slovenská národná knižnica
|
| 954 |
|
|
|a odborná, vedecká literatúra pôvodná (slovenská)
|2 lita
|
| 958 |
|
|
|a article2022
|
| 958 |
|
|
|a NB
|
| 958 |
|
|
|a RK
|
| 958 |
|
|
|a OND
|
| 958 |
|
|
|a EUIPO
|
| 992 |
|
|
|a RBX
|
| 999 |
|
|
|c 2747548
|d 2749478
|